| 000 | 00434nam a22001577a 4500 | ||
|---|---|---|---|
| 003 | OSt | ||
| 005 | 20251021061227.0 | ||
| 008 | 251021b |||||||| |||| 00| 0 eng d | ||
| 020 | _a9966010599 | ||
| 040 | _cENGLISH PRESS LTD | ||
| 050 | _aPL 8704 .M36 2006 | ||
| 245 |
_aMIMBA INGALI MIMBA _bNA HADITHI NYINGINE _cONYANGO, MC OWEN |
||
| 250 | _a3RD EDITION | ||
| 260 |
_aNAIROBI, KENYA _bFOCUS PUBLISHERS LTD _c2006 |
||
| 942 |
_2lcc _cBK _n0 |
||
| 999 |
_c9629 _d9629 |
||